Global strategic management / (Record no. 348610)
[ view plain ]
| 000 -LEADER | |
|---|---|
| fixed length control field | 01694 a2200205 4500 |
| 020 ## - INTERNATIONAL STANDARD BOOK NUMBER | |
| International Standard Book Number | 0199266158 (paperback) |
| 020 ## - INTERNATIONAL STANDARD BOOK NUMBER | |
| International Standard Book Number | 9780199266159 (paperback) |
| 082 04 - DEWEY DECIMAL CLASSIFICATION NUMBER | |
| Classification number | 658.4012 |
| 090 ## - LOCALLY ASSIGNED LC-TYPE CALL NUMBER (OCLC); LOCAL CALL NUMBER (RLIN) | |
| -- | 6239 |
| -- | 6239 |
| 100 1# - MAIN ENTRY--PERSONAL NAME | |
| Personal name | Mellahi, Kamel. |
| 245 10 - TITLE STATEMENT | |
| Title | Global strategic management / |
| Statement of responsibility, etc. | Kamel Mellahi, Jedrzej George Frynas, Paul Finlay. |
| 250 ## - EDITION STATEMENT | |
| Edition statement | 1St Edition ed. |
| 260 ## - PUBLICATION, DISTRIBUTION, ETC. | |
| Place of publication, distribution, etc. | [S.l.] : |
| Name of publisher, distributor, etc. | Oxford University Press, USA, |
| Date of publication, distribution, etc. | 2005. |
| 300 ## - PHYSICAL DESCRIPTION | |
| Extent | 420 p. ; |
| Dimensions | 25 cm. |
| 520 ## - SUMMARY, ETC. | |
| Summary, etc. | Global Strategic Management is a core textbook for almost any International and Global Strategy course, and is suitable as a supplementary text for any Strategic Management or International Business courses. This brand new text is the first to offer a truly global, as opposed to multinational, perspective on strategy. It covers both traditional strategic management topics and new topics, such as corporate social responsibility and new technologies. Global Strategic Management gives the student a thorough understanding of the wide range of theories and research available in this field, while providing both mini-cases and full-length cases of successful global companies from the United States, Europe and emerging economies, such as India. As well as providing comprehensive pedagogical features, the text is accompanied by a companion web site, which includes a lecturer area with model answers to discussion questions and case questions, and Powerpoint slides, and a student area with links to web sites of interest. |
| 700 1# - ADDED ENTRY--PERSONAL NAME | |
| Personal name | Frynas, Jedrzej George. |
| 700 1# - ADDED ENTRY--PERSONAL NAME | |
| Personal name | Finlay, Paul. |
| 856 40 - ELECTRONIC LOCATION AND ACCESS | |
| Materials specified | Amazon.com |
| Uniform Resource Identifier | <a href="http://www.amazon.com/exec/obidos/ASIN/0199266158/chopaconline-20">http://www.amazon.com/exec/obidos/ASIN/0199266158/chopaconline-20</a> |
| 942 ## - ADDED ENTRY ELEMENTS (KOHA) | |
| Institution code [OBSOLETE] | NBS |
| Koha item type | Book |
| Call number prefix | 658.401222 MEL |
| Withdrawn status | Lost status | Source of classification or shelving scheme | Damaged status | Not for loan | Permanent Location | Current Location | Date acquired | Full call number | Barcode | Date last seen | Price effective from | Koha item type | Public note |
|---|---|---|---|---|---|---|---|---|---|---|---|---|---|
| Write Off | Central Library (CL) | Central Library (CL) | 08/28/2013 | 658.401222 MEL | NBS7630 | 08/28/2013 | 08/28/2013 | Book | Write off File No.0908/IRC/NBS Dated Aug 16, 2018 |
